Football par lettre - Q - Statistiques

Statistiques générales
  • Ce quiz a été pris 130 fois
  • Le résultat moyen est 6 sur 10
Statistiques - réponses
Hint Réponse % Correct
Footballeur portugais connu pour ses "Trivela" Ricardo Quaresma
89%
Prénom d'un latéral marseillais Quentin
67%
Champion d'Asie 2024 Qatar
66%
Fonds d'investissement qui possède le PSG (Abreviation) QSI
64%
Finaliste de la CDF 2012, battu par Lyon Quevilly
62%
Club azeri évoluant à Bakou à cause de la guerre Qarabag
55%
Club londonien basé dans le quartier de White city Queens Park Rangers
53%
Il a fini meilleur buteur de Serie A en 2019 Fabio Quagliarella
47%
Il porte le numéro 78 à Liverpool Jarell Quansah
42%
Milieu offensif colombien passé par Rennes, Porto et River Plate Juan Fernando Quintero
32%
Aucun quiz correspondant
Distribution des résultats
% des personnes avec chaque résultat
Percentile par nombre de réponses
Votre historique - résultats
Vous n’avez pas pris ce quiz